| 000 | 00415nam a22001577a 4500 | ||
|---|---|---|---|
| 003 | OSt | ||
| 008 | 200715b ||||| |||| 00| 0 eng d | ||
| 082 | _a572 PRP | ||
| 100 | _aParkash, Surya | ||
| 245 | _aPractical Book of Biochemistry: Semester-2 | ||
| 250 | _a2019 | ||
| 260 |
_aNew Delhi _bNirali Prakashan _c2019 |
||
| 300 | _aPg-6.81 | ||
| 650 | _aApplied Biochemistry and clinical chemistry | ||
| 942 |
_2ddc _cBK |
||
| 999 |
_c9003 _d9003 |
||